[Event "TeamRussiamenrapid"]
[Site "?"]
[Date "2016.10.06"]
[Round "7.17"]
[White "Linker, Mikhail"]
[Black "Moskalenko, Alexander"]
[Result "1/2-1/2"]
[LiveChessVersion "1.4.4"]
[BlackElo "2494"]
[WhiteElo "2275"]

1. Nf3 {[%clk 0:15:17]} d5 {[%clk 0:15:18]} 2. d4 {[%clk 0:15:24]} Nf6
{[%clk 0:15:27]} 3. c4 {[%clk 0:15:30]} e6 {[%clk 0:15:36]} 4. e3
{[%clk 0:15:36]} Bb4+ {[%clk 0:15:37]} 5. Bd2 {[%clk 0:15:38]} Be7
{[%clk 0:15:37]} 6. Nc3 {[%clk 0:15:36]} O-O {[%clk 0:15:44]} 7. Rc1
{[%clk 0:14:13]} c6 {[%clk 0:14:05]} 8. Bd3 {[%clk 0:12:31]} dxc4
{[%clk 0:12:39]} 9. Bxc4 {[%clk 0:12:40]} c5 {[%clk 0:12:47]} 10. O-O
{[%clk 0:12:01]} Nc6 {[%clk 0:11:00]} 11. dxc5 {[%clk 0:09:42]} Bxc5
{[%clk 0:11:08]} 12. e4 {[%clk 0:08:39]} Nd7 {[%clk 0:05:56]} 13. Bg5
{[%clk 0:08:29]} Be7 {[%clk 0:06:02]} 14. Be3 {[%clk 0:08:16]} a6
{[%clk 0:06:03]} 15. Be2 {[%clk 0:06:52]} Bc5 {[%clk 0:05:23]} 16. Bxc5
{[%clk 0:05:57]} Nxc5 {[%clk 0:05:31]} 17. e5 {[%clk 0:05:15]} Nd7
{[%clk 0:05:35]} 18. Na4 {[%clk 0:03:53]} Ndxe5 {[%clk 0:04:52]} 19. Nxe5
{[%clk 0:04:02]} Nxe5 {[%clk 0:04:57]} 20. Qxd8 Rxd8 {[%clk 0:05:06]} 21. Nb6
{[%clk 0:04:19]} Rb8 {[%clk 0:05:15]} 22. Rfd1 {[%clk 0:03:29]} Rxd1+
{[%clk 0:03:41]} 23. Rxd1 {[%clk 0:03:34]} Nc6 {[%clk 0:03:43]} 24. Bf3
{[%clk 0:02:52]} Kf8 {[%clk 0:03:52]} 25. Rc1 {[%clk 0:02:52]} Ke7
{[%clk 0:02:28]} 26. Bxc6 {[%clk 0:02:56]} bxc6 {[%clk 0:02:37]} 27. Rxc6
{[%clk 0:03:02]} Bd7 {[%clk 0:02:45]} 28. Nxd7 {[%clk 0:03:01]} Rxb2
{[%clk 0:02:48]} 29. g3 {[%clk 0:02:54]} Kxd7 {[%clk 0:02:57]} 30. Rxa6
{[%clk 0:03:03]} Ke7 {[%clk 0:02:59]} 31. Kg2 {[%clk 0:02:50]} g5
{[%clk 0:03:04]} 32. Ra5 {[%clk 0:02:05]} Kf6 {[%clk 0:03:12]} 33. h4
{[%clk 0:02:09]} h6 {[%clk 0:03:19]} 34. hxg5+ {[%clk 0:02:17]} hxg5
{[%clk 0:03:28]} 35. g4 {[%clk 0:02:21]} Rb1 {[%clk 0:03:25]} 36. a4
{[%clk 0:02:03]} Ra1 {[%clk 0:03:32]} 37. Kg3 {[%clk 0:02:06]} Kg6
{[%clk 0:03:38]} 38. Ra6 {[%clk 0:02:02]} Ra3+ {[%clk 0:03:44]} 39. Kg2
{[%clk 0:01:59]} Kg7 {[%clk 0:03:53]} 40. Ra7 {[%clk 0:01:52]} Kg6
{[%clk 0:03:58]} 41. Ra6 {[%clk 0:01:58]} Kf6 {[%clk 0:04:02]} 42. Ra5
{[%clk 0:02:02]} Ra1 {[%clk 0:04:07]} 43. Kg3 {[%clk 0:02:06]} Kg6
{[%clk 0:04:17]} 44. Ra6 {[%clk 0:02:13]} Ra2 {[%clk 0:04:17]} 45. Kg2
{[%clk 0:02:15]} Ra3 {[%clk 0:04:26]} 46. Kh2 {[%clk 0:02:05]} Kf6
{[%clk 0:04:14]} 47. Ra5 {[%clk 0:02:07]} Rb3 {[%clk 0:04:23]} 48. Kg2
{[%clk 0:01:55]} Kg6 {[%clk 0:04:29]} 49. Rb5 {[%clk 0:01:57]} Ra3
{[%clk 0:04:35]} 50. a5 {[%clk 0:01:56]} Kf6 {[%clk 0:04:37]} 51. Kh2
{[%clk 0:01:50]} Ra4 {[%clk 0:04:42]} 52. Kg3 {[%clk 0:01:58]} Ra2
{[%clk 0:04:51]} 53. Kg2 {[%clk 0:01:58]} Kg6 {[%clk 0:04:55]} 54. Kg3
{[%clk 0:01:26]} Ra3+ {[%clk 0:05:03]} 55. Kg2 {[%clk 0:01:35]} Ra4
{[%clk 0:05:03]} 56. Kg3 {[%clk 0:01:31]} f5 {[%clk 0:05:08]} 57. gxf5+
{[%clk 0:01:39]} exf5 {[%clk 0:05:17]} 58. Rb6+ {[%clk 0:01:46]} Kh5
{[%clk 0:05:26]} 59. a6 {[%clk 0:01:52]} Ra3+ {[%clk 0:05:26]} 60. Kg2
{[%clk 0:02:01]} Kg4 {[%clk 0:05:28]} 61. f3+ {[%clk 0:01:31]} Kh5
{[%clk 0:05:09]} 62. Rf6 {[%clk 0:01:33]} Ra2+ {[%clk 0:04:37]} 63. Kh3
{[%clk 0:01:16]} f4 {[%clk 0:04:44]} 64. Rb6 {[%clk 0:01:17]} Ra5
{[%clk 0:04:21]} 65. Rc6 {[%clk 0:00:56]} Ra3 {[%clk 0:04:10]} 66. Kg2
{[%clk 0:01:05]} Ra2+ {[%clk 0:04:00]} 67. Kh3 {[%clk 0:01:12]} Rf2
{[%clk 0:04:01]} 68. Rc3 {[%clk 0:01:20]} Ra2 {[%clk 0:04:07]} 69. Rc6
{[%clk 0:01:29]} Ra3 {[%clk 0:03:57]} 70. Kg2 {[%clk 0:01:37]} Ra4
{[%clk 0:04:05]} 71. Kh3 {[%clk 0:01:34]} Ra2 {[%clk 0:04:12]} 72. Rb6
{[%clk 0:01:39]} Ra3 {[%clk 0:04:16]} 73. Kg2 {[%clk 0:01:47]} g4
{[%clk 0:04:23]} 74. fxg4+ {[%clk 0:01:33]} Kxg4 {[%clk 0:04:24]} 75. Rg6+
{[%clk 0:01:26]} Kf5 {[%clk 0:04:33]} 76. Rb6 {[%clk 0:01:24]} Rg3+
{[%clk 0:04:41]} 77. Kf2 {[%clk 0:01:32]} Ra3 {[%clk 0:04:50]} 78. Rc6
{[%clk 0:01:30]} Ke4 {[%clk 0:04:55]} 79. Re6+ {[%clk 0:01:39]} Kd5
{[%clk 0:05:02]} 80. Rf6 {[%clk 0:01:45]} Ke5 {[%clk 0:05:08]} 81. Rb6
{[%clk 0:01:54]} Kf5 {[%clk 0:05:15]} 82. Rc6 {[%clk 0:02:02]} Ra5
{[%clk 0:05:22]} 83. Rb6 {[%clk 0:01:59]} Kg4 {[%clk 0:05:23]} 84. Rg6+
{[%clk 0:02:07]} 1/2-1/2

[Event "TeamRussiamenrapid"]
[Site "?"]
[Date "2016.10.06"]
[Round "7.18"]
[White "Paravyan, David"]
[Black "Shemeakin, Alexander"]
[Result "1-0"]
[LiveChessVersion "1.4.4"]
[BlackElo "2312"]
[WhiteElo "2500"]

1. d4 {[%clk 0:15:19]} d5 {[%clk 0:15:19]} 2. c4 {[%clk 0:15:28]} c6
{[%clk 0:15:28]} 3. Nf3 {[%clk 0:15:38]} Nf6 {[%clk 0:15:37]} 4. Nc3
{[%clk 0:15:47]} a6 {[%clk 0:15:46]} 5. h3 {[%clk 0:15:54]} dxc4 {[%clk 0:15:51]}
6. a4 {[%clk 0:16:04]} Nd5 {[%clk 0:15:29]} 7. a5 {[%clk 0:15:14]} e6
{[%clk 0:15:36]} 8. e4 {[%clk 0:15:19]} Nf6 {[%clk 0:15:40]} 9. Qa4
{[%clk 0:15:13]} b5 {[%clk 0:15:47]} 10. axb6 Qxb6 {[%clk 0:15:55]} 11. Bxc4
{[%clk 0:15:24]} Bb4 {[%clk 0:15:58]} 12. O-O {[%clk 0:15:21]} O-O
{[%clk 0:16:05]} 13. Qc2 {[%clk 0:15:26]} a5 {[%clk 0:15:58]} 14. Bf4
{[%clk 0:14:40]} Ba6 {[%clk 0:15:57]} 15. Na4 {[%clk 0:14:49]} Qb7
{[%clk 0:15:10]} 16. b3 {[%clk 0:14:52]} Nbd7 {[%clk 0:15:10]} 17. Bxa6
{[%clk 0:14:50]} Rxa6 {[%clk 0:14:48]} 18. Nd2 {[%clk 0:14:55]} c5
{[%clk 0:13:48]} 19. dxc5 {[%clk 0:14:49]} Rc8 {[%clk 0:13:37]} 20. Nc4
{[%clk 0:14:40]} Qxe4 {[%clk 0:13:30]} 21. Qxe4 {[%clk 0:14:39]} Nxe4
{[%clk 0:13:39]} 22. Nab6 {[%clk 0:14:36]} Nxb6 {[%clk 0:12:18]} 23. cxb6
{[%clk 0:14:44]} Nc5 {[%clk 0:12:10]} 24. Bd6 {[%clk 0:14:38]} Rca8
{[%clk 0:07:19]} 25. Bxc5 {[%clk 0:14:47]} Bxc5 {[%clk 0:07:27]} 26. b7
{[%clk 0:14:56]} Rb8 {[%clk 0:07:29]} 27. Rxa5 {[%clk 0:14:58]} Rxa5
{[%clk 0:07:01]} 28. Nxa5 {[%clk 0:15:07]} 1-0

[Event "TeamRussiamenrapid"]
[Site "?"]
[Date "2016.10.06"]
[Round "7.19"]
[White "Volkov, Igor"]
[Black "Matinian, Nikita"]
[Result "0-1"]
[LiveChessVersion "1.4.4"]
[BlackElo "2493"]
[WhiteElo "2008"]

1. d4 {[%clk 0:15:19]} d6 {[%clk 0:15:20]} 2. c4 {[%clk 0:15:27]} g6
{[%clk 0:15:29]} 3. Nc3 {[%clk 0:15:36]} Bg7 {[%clk 0:15:38]} 4. e4
{[%clk 0:15:45]} Nc6 {[%clk 0:15:41]} 5. Be3 {[%clk 0:15:21]} e5 {[%clk 0:15:50]}
6. d5 {[%clk 0:15:30]} Nce7 {[%clk 0:15:32]} 7. Bd3 {[%clk 0:15:31]} f5
{[%clk 0:15:41]} 8. f3 {[%clk 0:15:37]} Nf6 {[%clk 0:15:50]} 9. Nge2
{[%clk 0:15:42]} O-O {[%clk 0:15:59]} 10. Qd2 {[%clk 0:15:42]} c5
{[%clk 0:15:58]} 11. dxc6 {[%clk 0:15:28]} bxc6 {[%clk 0:16:04]} 12. O-O
{[%clk 0:15:31]} f4 {[%clk 0:16:01]} 13. Bf2 {[%clk 0:15:39]} g5 {[%clk 0:16:10]}
14. h3 {[%clk 0:15:42]} h5 {[%clk 0:16:19]} 15. Rfd1 {[%clk 0:14:18]} g4
{[%clk 0:13:55]} 16. hxg4 {[%clk 0:13:58]} hxg4 {[%clk 0:14:04]} 17. Kf1
{[%clk 0:13:03]} Qe8 {[%clk 0:09:13]} 18. Ng1 {[%clk 0:08:48]} g3
{[%clk 0:08:26]} 19. Be1 {[%clk 0:08:55]} Qh5 {[%clk 0:08:35]} 20. Bc2
{[%clk 0:07:53]} Qh1 {[%clk 0:08:14]} 21. Qxd6 {[%clk 0:05:10]} Ng4
{[%clk 0:08:08]} 22. Rd3 {[%clk 0:02:24]} Nh2+ {[%clk 0:07:33]} 23. Ke2
{[%clk 0:02:33]} Qxg2+ {[%clk 0:07:05]} 24. Kd1 {[%clk 0:02:43]} Qxg1
{[%clk 0:07:04]} 25. Qxe7 {[%clk 0:02:01]} Nxf3 {[%clk 0:06:45]} 26. Rxf3
{[%clk 0:00:36]} Bg4 {[%clk 0:06:53]} 27. Bb3 {[%clk 0:00:41]} Bxf3+
{[%clk 0:06:46]} 28. Kc2 {[%clk 0:00:51]} Qg2+ {[%clk 0:06:36]} 29. Kc1
{[%clk 0:00:48]} c5 {[%clk 0:05:38]} 30. Nd5 {[%clk 0:00:18]} Rae8
{[%clk 0:05:04]} 0-1

[Event "TeamRussiamenrapid"]
[Site "?"]
[Date "2016.10.06"]
[Round "7.20"]
[White "Vastrukhin, Oleg"]
[Black "Semukhin, Mihail"]
[Result "1-0"]
[LiveChessVersion "1.4.4"]
[BlackElo "2031"]
[WhiteElo "2456"]

1. Nf3 {[%clk 0:15:17]} Nf6 {[%clk 0:15:18]} 2. g3 {[%clk 0:15:26]} b5
{[%clk 0:15:23]} 3. Bg2 {[%clk 0:15:35]} Bb7 {[%clk 0:15:32]} 4. O-O
{[%clk 0:15:43]} e6 {[%clk 0:15:42]} 5. d3 {[%clk 0:15:52]} c5 {[%clk 0:15:33]}
6. a4 {[%clk 0:16:00]} b4 {[%clk 0:15:41]} 7. Nbd2 {[%clk 0:16:06]} Be7
{[%clk 0:14:43]} 8. e4 {[%clk 0:16:13]} d6 {[%clk 0:14:52]} 9. Nc4
{[%clk 0:16:20]} Nc6 {[%clk 0:14:49]} 10. e5 {[%clk 0:16:25]} dxe5
{[%clk 0:11:22]} 11. Nfxe5 {[%clk 0:16:29]} Nd5 {[%clk 0:11:11]} 12. b3
{[%clk 0:15:04]} Nxe5 {[%clk 0:10:16]} 13. Nxe5 {[%clk 0:15:12]} Nc3
{[%clk 0:10:09]} 14. Qg4 {[%clk 0:15:09]} Bxg2 {[%clk 0:09:40]} 15. Kxg2
{[%clk 0:15:10]} Bf6 {[%clk 0:09:28]} 16. Nc4 {[%clk 0:14:48]} Qd5+
{[%clk 0:08:42]} 17. Qf3 {[%clk 0:14:40]} Ne2 {[%clk 0:07:44]} 18. Be3
{[%clk 0:13:03]} Bxa1 {[%clk 0:06:04]} 19. Rxa1 {[%clk 0:13:11]} Qxf3+
{[%clk 0:05:09]} 20. Kxf3 {[%clk 0:13:20]} Nd4+ {[%clk 0:05:16]} 21. Bxd4
{[%clk 0:13:28]} cxd4 {[%clk 0:05:25]} 22. Ke4 {[%clk 0:13:37]} Rd8
{[%clk 0:04:37]} 23. a5 {[%clk 0:13:46]} f5+ {[%clk 0:04:02]} 24. Kf4
{[%clk 0:13:40]} Ke7 {[%clk 0:03:09]} 25. h4 {[%clk 0:13:24]} Rd5
{[%clk 0:03:01]} 26. f3 {[%clk 0:12:02]} Kf6 {[%clk 0:02:47]} 27. g4
{[%clk 0:12:10]} fxg4 {[%clk 0:02:30]} 28. fxg4 {[%clk 0:11:55]} Rf8
{[%clk 0:02:20]} 29. Re1 {[%clk 0:11:13]} Ke7+ {[%clk 0:02:15]} 30. Kg3
{[%clk 0:11:23]} h5 {[%clk 0:00:57]} 31. Ne5 {[%clk 0:11:19]} Rc8
{[%clk 0:00:46]} 32. Nc4 {[%clk 0:10:27]} Rxc4 {[%clk 0:00:48]} 33. dxc4
{[%clk 0:10:24]} Rxa5 {[%clk 0:00:57]} 34. Rd1 {[%clk 0:10:18]} e5
{[%clk 0:00:42]} 35. gxh5 {[%clk 0:10:24]} Ke6 {[%clk 0:00:46]} 36. Kg4
{[%clk 0:10:11]} Ra2 {[%clk 0:00:50]} 37. Rc1 {[%clk 0:09:48]} a5
{[%clk 0:00:36]} 38. Kf3 {[%clk 0:09:50]} a4 {[%clk 0:00:42]} 39. bxa4 Rxa4
{[%clk 0:00:51]} 40. Rg1 {[%clk 0:09:31]} Ra3+ {[%clk 0:00:48]} 41. Ke2
{[%clk 0:09:40]} Rh3 {[%clk 0:00:42]} 42. Rxg7 {[%clk 0:09:49]} Rh2+
{[%clk 0:00:47]} 43. Kd3 {[%clk 0:09:40]} Rh3+ {[%clk 0:00:46]} 44. Kd2
{[%clk 0:09:49]} Rxh4 {[%clk 0:00:52]} 45. Rh7 {[%clk 0:09:35]} e4
{[%clk 0:00:49]} 46. Rh8 {[%clk 0:09:39]} Rh2+ {[%clk 0:00:57]} 47. Kc1
{[%clk 0:09:46]} Ke5 {[%clk 0:00:56]} 48. h6 {[%clk 0:09:52]} b3 {[%clk 0:01:01]}
49. h7 {[%clk 0:09:41]} Rh1+ {[%clk 0:00:23]} 50. Kb2 {[%clk 0:09:42]} bxc2
{[%clk 0:00:23]} 51. Kxc2 {[%clk 0:09:40]} d3+ {[%clk 0:00:24]} 52. Kc3
{[%clk 0:09:49]} Rh2 {[%clk 0:00:12]} 53. Re8+ {[%clk 0:09:54]} Kf4
{[%clk 0:00:21]} 54. h8=Q {[%clk 0:10:02]} Rxh8 {[%clk 0:00:28]} 55. Rxh8 1-0

[Event "TeamRussiamenrapid"]
[Site "?"]
[Date "2016.10.06"]
[Round "8.1"]
[White "Moskalenko, Alexander"]
[Black "Dubov, Daniil"]
[Result "1-0"]
[LiveChessVersion "1.4.4"]
[BlackElo "2690"]
[WhiteElo "2494"]

1. e4 {[%clk 0:15:19]} e5 2. Nf3 {[%clk 0:15:27]} Nc6 {[%clk 0:15:27]} 3. Nc3
{[%clk 0:15:28]} Nf6 {[%clk 0:15:36]} 4. d4 {[%clk 0:15:36]} exd4
{[%clk 0:15:44]} 5. Nxd4 {[%clk 0:15:45]} Bb4 {[%clk 0:15:51]} 6. Nxc6 bxc6
{[%clk 0:16:00]} 7. Bd3 {[%clk 0:15:59]} O-O {[%clk 0:16:08]} 8. O-O
{[%clk 0:16:05]} Re8 {[%clk 0:16:16]} 9. Bg5 {[%clk 0:16:03]} h6 {[%clk 0:16:25]}
10. Bh4 {[%clk 0:16:12]} Rb8 {[%clk 0:16:34]} 11. f4 {[%clk 0:16:05]} Be7
{[%clk 0:16:43]} 12. b3 {[%clk 0:16:12]} d5 {[%clk 0:16:47]} 13. e5
{[%clk 0:16:21]} Ng4 {[%clk 0:16:56]} 14. Bxe7 {[%clk 0:16:21]} Qxe7
{[%clk 0:17:03]} 15. Qe1 {[%clk 0:16:10]} h5 {[%clk 0:14:27]} 16. h3
{[%clk 0:15:07]} Nh6 {[%clk 0:14:29]} 17. Qf2 {[%clk 0:15:15]} Bf5
{[%clk 0:13:52]} 18. Qxa7 {[%clk 0:14:34]} Bxd3 {[%clk 0:11:34]} 19. cxd3
{[%clk 0:14:42]} Nf5 {[%clk 0:11:42]} 20. Na4 {[%clk 0:14:00]} Qb4
{[%clk 0:09:33]} 21. Qf2 {[%clk 0:12:53]} Ra8 {[%clk 0:09:00]} 22. Rac1
{[%clk 0:05:59]} Re6 {[%clk 0:09:03]} 23. Kh2 {[%clk 0:06:07]} Rg6
{[%clk 0:08:48]} 24. Rfe1 {[%clk 0:04:43]} Qe7 {[%clk 0:07:28]} 25. Rc2
{[%clk 0:03:23]} Nh4 {[%clk 0:06:02]} 26. Qf1 {[%clk 0:02:38]} Nf5
{[%clk 0:06:09]} 27. Qf2 {[%clk 0:02:28]} Nh4 {[%clk 0:06:17]} 28. Rg1
{[%clk 0:02:25]} Nf5 {[%clk 0:05:39]} 29. g3 {[%clk 0:02:18]} Ra6
{[%clk 0:04:56]} 30. Nc5 {[%clk 0:02:08]} Ra3 {[%clk 0:05:05]} 31. d4
{[%clk 0:02:09]} Qd8 {[%clk 0:04:50]} 32. Nd3 {[%clk 0:02:05]} Qa8
{[%clk 0:04:42]} 33. Ne1 {[%clk 0:02:02]} c5 {[%clk 0:04:28]} 34. Nf3
{[%clk 0:01:11]} Rga6 {[%clk 0:04:21]} 35. dxc5 {[%clk 0:00:55]} Rxa2
{[%clk 0:04:28]} 36. Rgc1 {[%clk 0:01:03]} d4 {[%clk 0:04:01]} 37. Nxd4
{[%clk 0:01:02]} Rxc2 {[%clk 0:03:50]} 38. Rxc2 {[%clk 0:01:10]} Ra1
{[%clk 0:03:32]} 39. c6 {[%clk 0:01:18]} Nxd4 {[%clk 0:03:12]} 40. Qxd4
{[%clk 0:01:27]} Qa6 {[%clk 0:03:09]} 41. e6 {[%clk 0:00:44]} fxe6
{[%clk 0:02:59]} 42. Qc4 {[%clk 0:00:31]} Qb6 {[%clk 0:02:14]} 43. Qxe6+
{[%clk 0:00:38]} Kh7 {[%clk 0:02:18]} 44. Qf5+ {[%clk 0:00:33]} Kg8
{[%clk 0:01:56]} 45. Qd5+ {[%clk 0:00:37]} Kh7 {[%clk 0:01:59]} 46. Qxh5+
{[%clk 0:00:45]} Kg8 {[%clk 0:02:08]} 47. Qc5 {[%clk 0:00:49]} Qxb3
{[%clk 0:02:09]} 48. Qc4+ {[%clk 0:00:58]} Qxc4 {[%clk 0:02:18]} 49. Rxc4
{[%clk 0:01:06]} Ra2+ {[%clk 0:02:27]} 50. Kg1 {[%clk 0:01:15]} Kf7
{[%clk 0:02:36]} 51. Rd4 {[%clk 0:01:23]} Ke6 {[%clk 0:02:21]} 52. Rd7
{[%clk 0:01:32]} Kf5 {[%clk 0:02:30]} 53. Kf1 {[%clk 0:01:13]} Ra7
{[%clk 0:02:21]} 54. Kf2 {[%clk 0:01:11]} Ke4 {[%clk 0:02:25]} 55. Re7+
{[%clk 0:01:19]} Kd5 {[%clk 0:02:33]} 56. Rxg7 {[%clk 0:01:27]} Kxc6
{[%clk 0:02:40]} 57. h4 {[%clk 0:01:35]} Kd5 {[%clk 0:02:48]} 58. Rd7+
{[%clk 0:01:38]} Ke4 {[%clk 0:02:56]} 59. Re7+ {[%clk 0:01:45]} Kd4
{[%clk 0:02:55]} 60. h5 {[%clk 0:01:52]} Ra2+ {[%clk 0:03:03]} 61. Kf3
{[%clk 0:01:56]} c5 {[%clk 0:03:12]} 62. Rd7+ {[%clk 0:02:06]} Kc3
{[%clk 0:03:20]} 63. g4 {[%clk 0:02:15]} Rh2 {[%clk 0:03:25]} 64. f5
{[%clk 0:02:18]} c4 {[%clk 0:03:28]} 65. f6 {[%clk 0:02:27]} Rh1 {[%clk 0:03:36]}
66. Kg2 {[%clk 0:02:35]} 1-0

[Event "TeamRussiamenrapid"]
[Site "?"]
[Date "2016.10.06"]
[Round "8.2"]
[White "Morozevich, Alexander"]
[Black "Paravyan, David"]
[Result "0-1"]
[LiveChessVersion "1.4.4"]
[BlackElo "2500"]
[WhiteElo "2716"]

1. g3 {[%clk 0:15:11]} g6 {[%clk 0:14:54]} 2. Bg2 {[%clk 0:15:17]} Bg7
{[%clk 0:15:03]} 3. e4 {[%clk 0:14:17]} c6 {[%clk 0:14:21]} 4. Nc3
{[%clk 0:12:32]} Nf6 {[%clk 0:14:28]} 5. Qe2 {[%clk 0:08:28]} e5 {[%clk 0:13:43]}
6. Nf3 {[%clk 0:08:17]} O-O {[%clk 0:13:20]} 7. O-O {[%clk 0:08:22]} Re8
{[%clk 0:13:25]} 8. a4 {[%clk 0:07:58]} d5 {[%clk 0:13:17]} 9. d3
{[%clk 0:08:07]} Na6 {[%clk 0:11:25]} 10. a5 {[%clk 0:08:15]} Nc7
{[%clk 0:10:41]} 11. h3 {[%clk 0:05:15]} Ne6 {[%clk 0:09:35]} 12. Nb1
{[%clk 0:05:18]} c5 {[%clk 0:08:25]} 13. c3 {[%clk 0:05:10]} c4 {[%clk 0:08:07]}
14. dxc4 {[%clk 0:05:18]} dxe4 {[%clk 0:08:15]} 15. Ng5 {[%clk 0:04:43]} Nc5
{[%clk 0:06:06]} 16. Be3 {[%clk 0:04:19]} Nb3 {[%clk 0:06:15]} 17. Ra3
{[%clk 0:04:23]} Nxa5 {[%clk 0:06:23]} 18. Nd2 {[%clk 0:04:29]} Qc7
{[%clk 0:05:23]} 19. c5 {[%clk 0:04:11]} Nc6 {[%clk 0:05:17]} 20. Ndxe4
{[%clk 0:04:06]} Nxe4 {[%clk 0:04:49]} 21. Nxe4 {[%clk 0:04:15]} Be6
{[%clk 0:04:47]} 22. b4 {[%clk 0:03:57]} a6 {[%clk 0:04:26]} 23. Rfa1
{[%clk 0:03:10]} Rab8 {[%clk 0:04:23]} 24. Bg5 {[%clk 0:02:25]} f5
{[%clk 0:04:16]} 25. Nf6+ {[%clk 0:02:21]} Bxf6 {[%clk 0:04:25]} 26. Bxf6
{[%clk 0:02:30]} e4 {[%clk 0:04:07]} 27. Rd1 {[%clk 0:02:22]} Ne5
{[%clk 0:03:56]} 28. Rd6 {[%clk 0:02:14]} Nc4 {[%clk 0:03:39]} 29. Rxe6
{[%clk 0:02:23]} Nxa3 {[%clk 0:03:48]} 30. Be5 {[%clk 0:01:48]} Qd7
{[%clk 0:03:00]} 31. Rd6 {[%clk 0:01:53]} Qb5 {[%clk 0:03:04]} 32. Qa2+
{[%clk 0:00:39]} Qc4 {[%clk 0:03:13]} 33. Qxa3 {[%clk 0:00:24]} Rxe5
{[%clk 0:03:22]} 34. Bf1 {[%clk 0:00:34]} Qf7 {[%clk 0:03:30]} 35. c6
{[%clk 0:00:23]} f4 {[%clk 0:02:21]} 36. Rd7 {[%clk 0:00:32]} Qf6
{[%clk 0:00:32]} 37. Qa2+ {[%clk 0:00:22]} Kh8 {[%clk 0:00:36]} 38. cxb7
{[%clk 0:00:14]} fxg3 {[%clk 0:00:36]} 39. Rf7 {[%clk 0:00:18]} gxf2+
{[%clk 0:00:25]} 40. Qxf2 {[%clk 0:00:27]} Rg5+ 41. Kh2 Qxf2+ {[%clk 0:00:26]}
42. Rxf2 {[%clk 0:00:46]} Rxb7 {[%clk 0:00:14]} 43. Bxa6 {[%clk 0:00:56]} Re7
{[%clk 0:00:19]} 44. Be2 {[%clk 0:00:45]} Rf5 {[%clk 0:00:13]} 45. Kg3
{[%clk 0:00:50]} Kg7 {[%clk 0:00:20]} 46. c4 {[%clk 0:00:50]} Kf6
{[%clk 0:00:28]} 47. Rh2 {[%clk 0:00:55]} Ke5 {[%clk 0:00:33]} 48. h4
{[%clk 0:00:59]} Ra7 {[%clk 0:00:31]} 49. h5 {[%clk 0:00:18]} Ra3+
{[%clk 0:00:35]} 50. Kg2 {[%clk 0:00:26]} Rg5+ {[%clk 0:00:31]} 51. Kf2
{[%clk 0:00:30]} Rf5+ {[%clk 0:00:31]} 52. Ke1 {[%clk 0:00:19]} Ra1+
{[%clk 0:00:27]} 53. Kd2 {[%clk 0:00:26]} Kd4 {[%clk 0:00:31]} 54. hxg6
{[%clk 0:00:35]} hxg6 {[%clk 0:00:37]} 55. Kc2 {[%clk 0:00:39]} Ke3
{[%clk 0:00:17]} 56. Kb2 {[%clk 0:00:38]} Re1 {[%clk 0:00:22]} 57. Bg4
{[%clk 0:00:48]} Rf4 {[%clk 0:00:27]} 58. Be6 {[%clk 0:00:53]} Rf2+
{[%clk 0:00:19]} 59. Rxf2 {[%clk 0:01:02]} Kxf2 {[%clk 0:00:28]} 60. c5
{[%clk 0:01:12]} e3 {[%clk 0:00:36]} 61. c6 {[%clk 0:01:10]} e2 {[%clk 0:00:40]}
62. c7 {[%clk 0:00:28]} Rb1+ {[%clk 0:00:45]} 63. Ka2 {[%clk 0:00:36]} Rc1
{[%clk 0:00:48]} 0-1